[Event "Bogota op 02"]
[Site "Bogota"]
[Date "2012.02.24"]
[Round "2"]
[White "Zamora, Lidia"]
[Black "Gaitan Bautista, Oscar"]
[Result "1-0"]
[WhiteElo "2007"]
[BlackElo "1501"]
[PlyCount "73"]
[EventDate "2012.02.23"]
[EventType "swiss"]
[EventRounds "7"]
[EventCountry "COL"]
[SourceTitle "CBM 147 Extra"]
[Source "ChessBase"]
[SourceDate "2012.04.24"]
[SourceVersion "1"]
[SourceVersionDate "2012.04.24"]
[SourceQuality "1"]

1. e4 e5 2. Nf3 Nc6 3. Bc4 Bc5 4. c3 d6 5. d4 Bb6 6. dxe5 Be6 7. Bxe6 fxe6 8. exd6 cxd6 9. 0-0 Bc7 10. Qb3 Qc8 11. Ng5 Nd8 12. Qb5+ Nc6 13. Be3 Nge7 14. Qb3 d5 15. exd5 exd5 16. Qc2 Qg4 17. h3 Qd7 18. Na3 Qd6 19. f4 h6 20. Nb5 Qd7 21. Nxc7+ Qxc7 22. Ne6 Qd6 23. Nxg7+ Kd8 24. Nf5 Qe6 25. Bd4 Nxd4 26. Nxd4 Qe3+ 27. Qf2 Qd3 28. Rfe1 Rg8 29. Re3 Qa6 30. Qh4 Qd6 31. Nf5 Qc5 32. Qxe7+ Qxe7 33. Nxe7 Re8 34. Rae1 Rxe7 35. Rxe7 b5 36. Re8+ Kd7 37. Rxa8 1-0

[Event "Bucaramanga Santander op (Women)"]
[Site "Bucaramanga"]
[Date "2012.01.20"]
[Round "1"]
[White "Cuartas, Maria Teresa"]
[Black "Zamora, Lidia"]
[Result "1-0"]
[WhiteElo "1759"]
[BlackElo "2007"]
[PlyCount "79"]
[EventDate "2012.01.20"]
[EventType "swiss"]
[EventRounds "6"]
[EventCountry "COL"]
[SourceTitle "EXT 2013"]
[Source "ChessBase"]
[SourceDate "2012.11.22"]
[SourceVersion "1"]
[SourceVersionDate "2012.11.22"]
[SourceQuality "1"]

1. e4 e5 2. Nf3 Nc6 3. Bb5 a6 4. Ba4 Nf6 5. 0-0 Be7 6. Re1 b5 7. Bb3 0-0 8. c3 d5 9. exd5 Nxd5 10. Nxe5 Nxe5 11. Rxe5 Nf6 12. d4 Bd6 13. f4 Bxe5 14. fxe5 Nd5 15. Qf3 Be6 16. Qg3 Re8 17. Bh6 g6 18. Nd2 Nb6 19. Ne4 Nd7 20. Bg5 Qc8 21. Nf6+ Nxf6 22. Bxf6 Bxb3 23. Qg5 Re6 24. axb3 c6 25. Rf1 Ra7 26. Rf3 Qf8 27. Rh3 Rd7 28. Rh6 Rxf6 29. exf6 Qe8 30. h3 Qe1+ 31. Kh2 Rd5 32. Qf4 Rd8 33. Qc7 Qe8 34. Rh5 Rc8 35. Re5 Qd8 36. Qb7 a5 37. Re7 Qf8 38. Rxf7 Qxf7 39. Qxc8+ Qf8 40. Qxc6 1-0